Trouvez l'acteur ou l'actrice...10 - Statistiques

Statistiques générales
  • Ce quiz a été pris 131 fois
  • Le résultat moyen est 6 sur 15
Statistiques - réponses
Films / Séries Acteurs / Actrices % Correct
Léon - Black swan - Star Wars, épisode I: la menace fantôme Natalie Portman
75%
La plage - Jeux d'enfants - Jappeloup Guillaume Canet
71%
Quatre mariages et un enterrement - Coup de foudre à Notting Hill - Love actually Hugh Grant
70%
Le talentueux Mr Ripley - Ocean's twelve - La mort dans la peau Matt Damon
59%
Les valseuses - Les aventures de Rabbi Jacob - Milou en mai Miou-Miou
51%
Moulin Rouge! - Les autres - Les ensorceleuses Nicole Kidman
51%
Invictus - Le collectionneur - Bruce tout-puissant Morgan Freeman
50%
La belle et la Bête - Le capitaine Fracasse - Fantômas Jean Marais
46%
Nanny McPhee - Les vestiges du jour - Dans l'ombre de Mary Emma Thompson
33%
La liste de Schindler - Le patient anglais - 007 Spectre Ralph Fiennes
29%
Souviens-toi l'été dernier... - Ghost whisperer - The client list Jennifer Love Hewitt
24%
Les quatre fantastiques et le surfer d'argent - Valentine's day - Dark Angel Jessica Alba
24%
Hamlet - Le crime de l'Orient Express - Harry Potter et la chambre des secrets Kenneth Branagh
21%
Un homme et une femme - Les liaisons dangereuses - Ceux qui m'aiment prendront le train Jean-Louis Trintignant
19%
Le port de l'angoisse - Le grand sommeil - Les passagers de la nuit Lauren Bacall
9%
Aucun quiz correspondant
Distribution des résultats
% des personnes avec chaque résultat
Percentile par nombre de réponses
Votre historique - résultats
Vous n’avez pas pris ce quiz